banner-ar

EFFICENT ALLOCATION OF TRANSFERS TO THE POOR: THE PROBLEM OF UNOBSEBED HOUSEHOLD INCOME / (Record no. 25871)

MARC details
000 -الفاتح
حقل البيانات ثابتة الطول 00441nam a2200157Ia 4500
008 - عناصر البيانات ثابتة الطول - معلومات عامة
حقل البيانات ثابتة الطول 140319s9999 xx 000 0 eng d
040 ## - مصدر الفهرسة
وكالة الفهرسة الأصلية GCL /
وكالة النسخ GCL
082 04 - رقم تصنيف ديوى العشرى
رقم التصنيف P
رقم المادة 362.582
-- G F
100 1# - المدخل الرئيسى - إسم شخصى
الإسم الشخصى GLEURUE PAUL
245 10 - بيان العنوان
العنوان EFFICENT ALLOCATION OF TRANSFERS TO THE POOR: THE PROBLEM OF UNOBSEBED HOUSEHOLD INCOME /
بيان المسئوليه,etc GLEURUE PAUL
300 ## - الوصف المادى
التعداد 62 P
650 04 - المدخل الاضافى بالموضوع-مصطلح موضوعى
مصطلح موضوعي POOR
942 ## - عناصر المدخل الإضافي( كوها)
مصدر التصنيف او مخطط الترفيف Dewey Decimal Classification
Koha [default] item type الدوريات
260 ## - PUBLICATION, DISTRIBUTION, ETC. (IMPRINT)
-- [S.N] :
-- THE WORLD BANK
Holdings
حالة التراجع حالة الفقد حالة تلف ليس للاعارة المكان المؤقت الموقع الحالى تاريخ الاكتساب اجمالي اﻻعارات رقم الطلب الباركود تاريخ اخر مشاهدة تاريخ تفعيل السعر نوع وعاء كوها
        مكتبة القاهرة الكبرى مكتبة القاهرة الكبرى 03/26/2014   P\362.582\G F 45908 03/26/2014 03/26/2014 الدوريات
        مكتبة القاهرة الكبرى مكتبة القاهرة الكبرى 03/26/2014   P\362.582\G F 45909 03/26/2014 03/26/2014 الدوريات

Powered By

EGPV